| 000 | 00804nam a2200277Ia 4500 | ||
|---|---|---|---|
| 003 | GCL | ||
| 008 | 140319s9999 xx 000 0 ara d | ||
| 040 |
_aGCL / _cGCL |
||
| 082 | 0 | 4 |
_a760.1 _bف ف |
| 100 | 1 | _aفتحى احمد | |
| 245 | 1 | 0 |
_aفن الجرافيك المصرى / _cفتحى احمد |
| 260 |
_aالقاهرة : _bالهيئة المصرية العامة للكتاب ، _c1985 |
||
| 300 |
_a484 ص ؛ _c22 سم |
||
| 490 | _a | ||
| 650 | 0 | 4 | _aالطباعة |
| 650 | 0 | 4 | _aالفنانون |
| 650 | 0 | 4 | _aالفن |
| 650 | 0 | 4 | _aطباعة الحرير |
| 650 | 0 | 4 | _aالفنون التشكيلية |
| 650 | 0 | 4 | _aالفن الحديث |
| 650 | 0 | 4 | _aالحفر |
| 650 | 0 | 4 | _aالخشب |
| 650 | 0 | 4 | _aالجرافيك |
| 650 | 0 | 4 | _aطباعة الحجر |
| 942 |
_2ddc _cBK |
||
| 999 |
_c32536 _d32536 |
||